[Event "IRQ-ch (Women)"]
[Site "Baghdad"]
[Date "2021.10.29"]
[Round "4"]
[White "Jalaluldeen, Kareen Kamal J"]
[Black "Nabaa Sami, Abbas Al Attra"]
[Result "1/2-1/2"]
[WhiteElo "1780"]
[BlackElo "1807"]
[PlyCount "48"]
[EventDate "2021.10.27"]
[EventType "tourn"]
[EventRounds "13"]
[EventCountry "IRQ"]
[SourceTitle "EXT 2023"]
[Source "ChessBase"]
[SourceDate "2022.10.05"]
[SourceVersion "1"]
[SourceVersionDate "2022.10.05"]
[SourceQuality "1"]

1. d4 d5 2. c4 e6 3. Nc3 Nf6 4. cxd5 exd5 5. Bg5 Be7 6. e3 c6 7. Qc2 Nbd7 8. Bd3 0-0 9. Nge2 Re8 10. f3 Nf8 11. 0-0 h6 12. Bh4 c5 13. Rae1 a6 14. Na4 c4 15. Bf5 b5 16. Bxc8 Rxc8 17. Nac3 Ng6 18. Bf2 b4 19. Nb1 Qa5 20. Nc1 Nd7 21. e4 Bg5 22. Be3 Bxe3+ 23. Rxe3 Qb6 24. Ne2 a5 1/2-1/2

[Event "Online Olym Div3 B"]
[Site "Chess.com INT"]
[Date "2021.08.29"]
[Round "9.5"]
[White "Curia, Joana"]
[Black "Jalaluldeen, Kareen Kamal J"]
[Result "0-1"]
[WhiteElo "1492"]
[BlackElo "1780"]
[PlyCount "80"]
[EventDate "2021.08.27"]
[EventType "team-tourn (rapid)"]
[EventRounds "9"]
[EventCountry "USA"]
[SourceTitle "CBM 204 Extra"]
[Source "ChessBase"]
[SourceDate "2021.11.30"]
[SourceVersion "1"]
[SourceVersionDate "2021.11.30"]
[SourceQuality "1"]
[WhiteTeam "Mozambique"]
[BlackTeam "Iraq"]
[WhiteTeamCountry "MOZ"]
[BlackTeamCountry "IRQ"]

1. e3 d5 2. h3 c5 3. b3 Nc6 4. Bb2 Bf5 5. Bb5 e6 6. Bxc6+ bxc6 7. Ne2 Nf6 8. 0-0 Bd6 9. f4 h6 10. Ng3 Bh7 11. a4 0-0 12. Nc3 Rb8 13. Rc1 c4 14. Rf3 cxb3 15. cxb3 c5 16. Ba1 Qb6 17. Nb5 Be7 18. Rc3 a6 19. Na3 Ne4 20. Rd3 f6 21. Rc3 Nxc3 22. Bxc3 Qxb3 23. Qxb3 Rxb3 24. f5 Rxa3 25. fxe6 Rxa4 26. Rf1 Rb8 27. Ne2 Rb1 28. Nf4 Rxf1+ 29. Kxf1 d4 30. exd4 cxd4 31. Bb2 Rb4 32. Nd5 Rxb2 33. Nxe7+ Kf8 34. Nd5 Rxd2 35. e7+ Ke8 36. Nc7+ Kxe7 37. Nxa6 d3 38. Nc5 Kd6 39. Nb3 Rb2 40. g3 Rxb3 0-1

[Event "Asia Nations online Cup (Women)"]
[Site "Chess.com INT"]
[Date "2020.10.11"]
[Round "3.11"]
[White "Chua, Jia Tien"]
[Black "Jalaluldeen, Kareen Kamal J"]
[Result "1-0"]
[WhiteElo "1822"]
[BlackElo "1811"]
[PlyCount "73"]
[EventDate "2020.10.11"]
[EventType "team-swiss (rapid)"]
[EventRounds "9"]
[EventCountry "IND"]
[SourceTitle "CBM 198 Extra"]
[Source "ChessBase"]
[SourceDate "2020.11.30"]
[SourceVersion "1"]
[SourceVersionDate "2020.11.30"]
[SourceQuality "1"]
[WhiteTeam "Malaysia (W)"]
[BlackTeam "Iraq (W)"]
[WhiteTeamCountry "MAS"]
[BlackTeamCountry "IRQ"]

1. e4 e6 2. d4 d5 3. Nd2 Nf6 4. e5 Nfd7 5. Bd3 c5 6. c3 Nc6 7. Ne2 f6 8. exf6 Nxf6 9. Nf3 cxd4 10. cxd4 Bd6 11. 0-0 0-0 12. Re1 e5 13. dxe5 Nxe5 14. Nxe5 Bxe5 15. Ng3 Qc7 16. Qb3 Be6 17. Bd2 Ng4 18. Re2 Qf7 19. Bb4 Rfc8 20. Rae1 Bd4 21. Nh1 Qf4 22. g3 Qh6 23. h4 Bf7 24. Bf5 Nxf2 25. Nxf2 Rc1 26. Bd2 Rxe1+ 27. Bxe1 Bb6 28. Qf3 Rf8 29. Bb4 Rd8 30. Kh2 a5 31. Be7 Ra8 32. Bg5 Qc6 33. Bxh7+ Kxh7 34. Qxf7 d4 35. Ng4 d3 36. Nf6+ Kh8 37. Qh5# 1-0

[Event "Arab-ch Rapid (Women) 17"]
[Site "Sharjah"]
[Date "2018.01.31"]
[Round "7.2"]
[White "Jalaluldeen, Kareen Kamal J"]
[Black "Latreche, Sabrina"]
[Result "0-1"]
[WhiteElo "1793"]
[BlackElo "1956"]
[PlyCount "81"]
[EventDate "2018.01.31"]
[EventType "swiss (rapid)"]
[EventRounds "7"]
[EventCountry "UAE"]
[SourceTitle "EXT 2024"]
[Source "ChessBase"]
[SourceDate "2023.10.10"]
[SourceVersion "1"]
[SourceVersionDate "2023.10.10"]
[SourceQuality "1"]

1. d4 d6 2. c4 Nf6 3. Nc3 Nbd7 4. e4 e5 5. Nf3 exd4 6. Nxd4 Nc5 7. Qc2 a5 8. Bg5 Be7 9. f3 h6 10. Bh4 0-0 11. Be2 Re8 12. 0-0 Bd7 13. Rad1 Qc8 14. Bf2 Bf8 15. Nd5 Nxd5 16. exd5 Qd8 17. Rfe1 Qf6 18. Bf1 g6 19. Rxe8 Rxe8 20. Be1 Rxe1 21. Rxe1 Qxd4+ 22. Kh1 Bf5 23. Rd1 Bxc2 24. Rxd4 Bb1 25. a3 Bg7 26. Rd2 Nb3 27. Re2 Kf8 28. Re1 Bc2 29. g4 Bxb2 30. a4 Nd4 31. f4 Bc3 32. Re3 Bd2 33. Ra3 Bxf4 34. Bg2 Bc1 35. Ra1 Bb2 36. Ra2 Bc3 37. Ra3 Bb4 38. Ra2 Bb3 39. Ra1 Bxc4 40. Rd1 Bc5 41. Ra1 0-1

[Event "Arab-ch (Women)"]
[Site "Sharjah"]
[Date "2018.01.30"]
[Round "5"]
[White "Jalaluldeen, Kareen Kamal J"]
[Black "Latreche, Sabrina"]
[Result "1/2-1/2"]
[WhiteElo "1761"]
[BlackElo "2004"]
[PlyCount "90"]
[EventDate "2018.01.27"]
[EventType "swiss"]
[EventRounds "9"]
[EventCountry "UAE"]
[SourceTitle "EXT 2019"]
[Source "ChessBase"]
[SourceDate "2018.10.10"]
[SourceVersion "1"]
[SourceVersionDate "2018.10.10"]
[SourceQuality "1"]

1. d4 f5 2. c4 Nf6 3. g3 e6 4. Bg2 d5 5. Nh3 c6 6. Qc2 Bd6 7. Bf4 0-0 8. 0-0 Qe7 9. Bxd6 Qxd6 10. Nf4 Nbd7 11. Nd2 Ne4 12. Nf3 g5 13. Nd3 dxc4 14. Nde5 Nb6 15. e3 Bd7 16. Rfd1 Be8 17. Nd2 Nf6 18. Ndxc4 Nxc4 19. Qxc4 Bh5 20. Re1 Rac8 21. Rac1 Qe7 22. b4 Nd7 23. Nxd7 Qxd7 24. Qc5 a6 25. Qe5 Rf7 26. a4 Rg7 27. Rc5 Rc7 28. Rec1 Qc8 29. b5 axb5 30. axb5 Be8 31. Qd6 Qd7 32. Qe5 Qc8 33. b6 Rce7 34. Ra5 Qd8 35. Qc5 Bf7 36. Rca1 Re8 37. Bxc6 bxc6 38. Qxc6 Bh5 39. Ra8 Qd7 40. Rxe8+ Bxe8 41. Qa8 Qc6 42. Qd8 Qd7 43. Qa8 Qc6 44. Qd8 Qd7 45. Qa8 Qc6 1/2-1/2

[Event "IRQ-ch Women"]
[Site "Baghdad"]
[Date "2017.08.16"]
[Round "9"]
[White "Jalaluldeen, Kareen Kamal J"]
[Black "Tiba, Mahdi Attiyah"]
[Result "1-0"]
[WhiteElo "1742"]
[BlackElo "1259"]
[PlyCount "41"]
[EventDate "2017.08.11"]
[EventType "swiss"]
[EventRounds "9"]
[EventCountry "IRQ"]
[SourceTitle "CBM 180 Extra"]
[Source "ChessBase"]
[SourceDate "2017.10.06"]
[SourceVersion "1"]
[SourceVersionDate "2017.10.06"]
[SourceQuality "1"]

1. d4 Nf6 2. Nf3 d5 3. c4 c6 4. Nc3 dxc4 5. a4 Bf5 6. e3 e6 7. Bxc4 Be7 8. 0-0 0-0 9. Qe2 Nbd7 10. e4 Bg6 11. Rd1 Nb6 12. Bb3 Re8 13. Bf4 a5 14. Rac1 Rc8 15. h3 h6 16. Ne5 Bh7 17. Nf3 Bb4 18. Bc2 Kh8 19. Na2 Be7 20. Rd2 Qd7 21. Ne5 1-0

[Event "IRQ-ch Women"]
[Site "Baghdad"]
[Date "2017.08.11"]
[Round "1"]
[White "Jalaluldeen, Kareen Kamal J"]
[Black "Sami, Sama"]
[Result "1-0"]
[WhiteElo "1742"]
[BlackElo "1408"]
[PlyCount "85"]
[EventDate "2017.08.11"]
[EventType "swiss"]
[EventRounds "9"]
[EventCountry "IRQ"]
[SourceTitle "CBM 180 Extra"]
[Source "ChessBase"]
[SourceDate "2017.10.06"]
[SourceVersion "1"]
[SourceVersionDate "2017.10.06"]
[SourceQuality "1"]

1. d4 d5 2. c4 e6 3. Nc3 Nf6 4. Nf3 Nc6 5. Bg5 Be7 6. e3 h6 7. Bh4 0-0 8. Rc1 b6 9. Bd3 Ba6 10. cxd5 Nb4 11. Bxa6 Nxa6 12. dxe6 fxe6 13. 0-0 Nd5 14. Bg3 Nxc3 15. Rxc3 Bd6 16. Qb3 Qd7 17. Ne5 Bxe5 18. Bxe5 Rac8 19. Qa3 Nb8 20. Rfc1 c6 21. Bxb8 Rxb8 22. Rxc6 Rfe8 23. Rc7 Qd8 24. Qxa7 Qf6 25. Qa6 Qf8 26. Ra7 Re7 27. Rxe7 Qxe7 28. Rc8+ Rxc8 29. Qxc8+ Kh7 30. a3 Qd6 31. h3 Qd5 32. Qc2+ Kg8 33. b3 Qd6 34. b4 Qd7 35. a4 Kf7 36. a5 bxa5 37. bxa5 Qb7 38. Qc5 Qb1+ 39. Kh2 Qb8+ 40. Qe5 Qa7 41. e4 Qa8 42. Qc7+ Kg8 43. f3 1-0

[Event "Asia zt 3.1 (Women)"]
[Site "Tehran"]
[Date "2017.07.04"]
[Round "5"]
[White "Jalaluldeen, Kareen Kamal J"]
[Black "Majed, Negin"]
[Result "1-0"]
[WhiteElo "1791"]
[BlackElo "1692"]
[PlyCount "171"]
[EventDate "2017.06.30"]
[EventType "swiss"]
[EventRounds "9"]
[EventCountry "IRI"]
[SourceTitle "CBM 179 Extra"]
[Source "ChessBase"]
[SourceDate "2017.08.23"]
[SourceVersion "1"]
[SourceVersionDate "2017.08.23"]
[SourceQuality "1"]

1. d4 d5 2. c4 c6 3. e3 Nf6 4. Nc3 e6 5. Nf3 Be7 6. Bd3 dxc4 7. Bxc4 b5 8. Bd3 0-0 9. 0-0 Bb7 10. Qe2 Nbd7 11. e4 Re8 12. Bg5 a6 13. Rfd1 Qb6 14. e5 Nd5 15. Bxe7 Rxe7 16. Qe4 Nf8 17. Qh4 Nxc3 18. Qxe7 Nxd1 19. Rxd1 Rc8 20. Ng5 Qc7 21. Qc5 h6 22. Ne4 Nd7 23. Qc3 c5 24. Nd6 cxd4 25. Qxd4 Rb8 26. Bb1 Bd5 27. Qf4 Nxe5 28. Qxe5 Rd8 29. Nxf7 Qxf7 30. Rc1 Rf8 31. Qg3 Qf6 32. b3 Qb2 33. Rf1 Qd2 34. Qg6 Qd4 35. h3 Qf6 36. Qxf6 gxf6 37. Rc1 Rf7 38. Bg6 Rd7 39. Rc8+ Kg7 40. Be8 Re7 41. Bc6 Kf7 42. Ba8 Bb7 43. Bxb7 Rxb7 44. Rc6 Ra7 45. Rb6 Ke7 46. Kh2 e5 47. Kg3 Kf7 48. Kf3 Ra8 49. Ke4 Kg6 50. f4 exf4 51. Kxf4 Ra7 52. g4 Rd7 53. Rxa6 Rd3 54. Ra5 Rxh3 55. Rxb5 Rd3 56. a4 Rd4+ 57. Kf3 Rd3+ 58. Ke4 Rg3 59. Kf4 Rg1 60. a5 Rf1+ 61. Kg3 Rg1+ 62. Kf3 Rf1+ 63. Ke3 Re1+ 64. Kf2 Re4 65. a6 Re8 66. a7 Ra8 67. Ra5 Kf7 68. Kf3 Ke7 69. Kf4 Ke6 70. Ra6+ Kd5 71. Kf5 Kd4 72. Kxf6 Ke4 73. Kg6 Kf4 74. Kxh6 Kxg4 75. b4 Kf5 76. b5 Ke5 77. b6 Kd5 78. b7 Rh8+ 79. Kg7 Rd8 80. b8Q Rxb8 81. axb8Q Kd4 82. Qb5 Ke4 83. Ra4+ Ke3 84. Qb3+ Kd2 85. Ra2+ Kc1 86. Qc2# 1-0

[Event "IRQ-chT 29th"]
[Site "Baghdad"]
[Date "2017.03.24"]
[Round "10"]
[White "Abbas, Hussein Kzar"]
[Black "Jalaluldeen, Kareen Kamal J"]
[Result "1/2-1/2"]
[WhiteElo "2049"]
[BlackElo "1766"]
[PlyCount "176"]
[EventDate "2017.03.09"]
[EventType "team-match"]
[EventRounds "11"]
[EventCountry "IRQ"]
[SourceTitle "CBM 177 Extra"]
[Source "ChessBase"]
[SourceDate "2017.04.27"]
[SourceVersion "1"]
[SourceVersionDate "2017.04.27"]
[SourceQuality "1"]
[WhiteTeam "Al Kahraba"]
[BlackTeam "Khanzad"]
[WhiteTeamCountry "IRQ"]
[BlackTeamCountry "IRQ"]

1. d4 d5 2. c4 e6 3. Nf3 Nf6 4. Nc3 c6 5. cxd5 exd5 6. Bg5 Be7 7. e3 Bg4 8. Bd3 Nbd7 9. 0-0 0-0 10. Qc2 Bxf3 11. gxf3 h6 12. Bh4 Nh5 13. Bxe7 Qxe7 14. Kh1 Qh4 15. Rg1 Ndf6 16. Rg2 Rac8 17. Ne2 c5 18. Bf5 Rc6 19. dxc5 b6 20. Nd4 Rxc5 21. Qe2 Re8 22. Qa6 Re7 23. b4 Rc3 24. Rag1 Rcc7 25. Qd3 Rc4 26. b5 Rec7 27. Bg4 Rc1 28. Ne2 Rxg1+ 29. Kxg1 Nxg4 30. Rxg4 Qf6 31. Qxd5 Qa1+ 32. Kg2 Rc5 33. Qa8+ Kh7 34. Qxa7 Rxb5 35. Qxf7 Qf6 36. Qxf6 Nxf6 37. Ra4 Rb2 38. Nf4 b5 39. Ra7 Ne8 40. e4 Rc2 41. Ne6 Rc6 42. Nd4 Rg6+ 43. Kf1 Rb6 44. e5 Kg6 45. Re7 Rb8 46. f4 Kh7 47. Nxb5 Rxb5 48. Rxe8 Ra5 49. f5 Rxa2 50. e6 Ra5 51. Rf8 Re5 52. Kg2 g6 53. fxg6+ Kxg6 54. f4 Rxe6 55. f5+ Kg7 56. Ra8 Re5 57. Ra7+ Kf6 58. Ra6+ Kxf5 59. Rxh6 Kg5 60. Rh8 Re2+ 61. Kf3 Re1 62. Rg8+ Kh4 63. Rh8+ Kg5 64. h4+ Kg6 65. Kf2 Rh1 66. Kg2 Rc1 67. Kf3 Kg7 68. Rh5 Rh1 69. Kg3 Kg6 70. Ra5 Kh6 71. Kg4 Kh7 72. Kh5 Rg1 73. Ra6 Rg2 74. Rh6+ Kg7 75. Re6 Kh7 76. Re7+ Rg7 77. Re5 Rg1 78. Rg5 Rxg5+ 79. hxg5 Kg7 80. Kg4 Kg6 81. Kf4 Kg7 82. Kf5 Kf7 83. g6+ Kg7 84. Kg5 Kg8 85. Kg4 Kg7 86. Kh5 Kg8 87. Kh6 Kh8 88. g7+ Kg8 1/2-1/2

[Event "Arab-ch (Women)"]
[Site "Khartoum"]
[Date "2016.11.01"]
[Round "2"]
[White "Jalaluldeen, Kareen Kamal J"]
[Black "Latreche, Sabrina"]
[Result "0-1"]
[WhiteElo "1809"]
[BlackElo "2045"]
[PlyCount "64"]
[EventDate "2016.10.31"]
[EventType "tourn"]
[EventRounds "7"]
[EventCountry "SUD"]
[SourceTitle "EXT 2018"]
[Source "ChessBase"]
[SourceDate "2017.10.13"]
[SourceVersion "1"]
[SourceVersionDate "2017.10.13"]
[SourceQuality "1"]

1. d4 f5 2. Nf3 Nf6 3. g3 e6 4. Bg2 d5 5. c4 Bb4+ 6. Bd2 Be7 7. Nc3 c6 8. cxd5 exd5 9. 0-0 0-0 10. a3 Ne4 11. Rb1 Qe8 12. b4 Qh5 13. a4 Nxd2 14. Qxd2 a5 15. b5 Bb4 16. Qc2 f4 17. Qb2 Rf6 18. Rbc1 Bg4 19. bxc6 bxc6 20. Nb1 Rh6 21. h4 Nd7 22. Nbd2 Re8 23. Rfe1 Qg6 24. Ne5 Nxe5 25. dxe5 fxg3 26. fxg3 Rh5 27. Qd4 Rhxe5 28. Qf4 Bxe2 29. Kh2 Re3 30. Qd4 Qxg3+ 31. Kg1 Bf3 32. Nxf3 Rxe1+ 0-1

[Event "Olympiad Women-42"]
[Site "Baku"]
[Date "2016.09.05"]
[Round "4.45"]
[White "Jalaluldeen, Kareen Kamal J"]
[Black "Sigappi, Muthiah"]
[Result "0-1"]
[WhiteElo "1824"]
[BlackElo "1864"]
[PlyCount "76"]
[EventDate "2016.09.02"]
[EventType "team-swiss"]
[EventRounds "11"]
[EventCountry "AZE"]
[SourceTitle "CBM 174 Extra"]
[Source "ChessBase"]
[SourceDate "2016.10.10"]
[SourceVersion "1"]
[SourceVersionDate "2016.10.10"]
[SourceQuality "1"]
[WhiteTeam "Iraq (W)"]
[BlackTeam "Hong Kong (W)"]
[WhiteTeamCountry "IRQ"]
[BlackTeamCountry "HKG"]

1. d4 Nf6 2. c4 g6 3. Nc3 Bg7 4. e4 d6 5. f3 0-0 6. Be3 Nc6 7. Nge2 a6 8. Qd2 Na5 9. Nc1 Nd7 10. Bd3 c5 11. N1e2 Rb8 12. 0-0 b5 13. cxb5 c4 14. Bc2 axb5 15. Nd5 Nc6 16. b3 e6 17. Nb4 Nxb4 18. Qxb4 d5 19. e5 Qb6 20. Rfb1 Bxe5 21. bxc4 dxc4 22. a4 Bd6 23. Qxb5 Qc7 24. Qg5 Rxb1+ 25. Rxb1 Nb6 26. Nf4 Nd5 27. Nxd5 exd5 28. g3 Re8 29. Kf2 Be6 30. Qh4 Qd7 31. Qg5 Be7 32. Qh6 Bf5 33. Bxf5 Qxf5 34. Ra1 Qc2+ 35. Kg1 Bf8 36. Qf4 Qc3 37. Rb1 Qxe3+ 38. Qxe3 Rxe3 0-1

[Event "Olympiad Women-42"]
[Site "Baku"]
[Date "2016.09.02"]
[Round "1.19"]
[White "Brunello, Marina"]
[Black "Jalaluldeen, Kareen Kamal J"]
[Result "1-0"]
[WhiteElo "2376"]
[BlackElo "1824"]
[PlyCount "77"]
[EventDate "2016.09.02"]
[EventType "team-swiss"]
[EventRounds "11"]
[EventCountry "AZE"]
[SourceTitle "CBM 174 Extra"]
[Source "ChessBase"]
[SourceDate "2016.10.10"]
[SourceVersion "1"]
[SourceVersionDate "2016.10.10"]
[SourceQuality "1"]
[WhiteTeam "Italy (W)"]
[BlackTeam "Iraq (W)"]
[WhiteTeamCountry "ITA"]
[BlackTeamCountry "IRQ"]

1. e4 e6 2. d4 d5 3. Nd2 Nf6 4. e5 Nfd7 5. Bd3 c5 6. c3 Qb6 7. Ne2 Nc6 8. Nf3 cxd4 9. cxd4 Bb4+ 10. Kf1 f6 11. exf6 Nxf6 12. Bf4 0-0 13. h3 Qd8 14. g3 Bd6 15. Kg2 Bxf4 16. Nxf4 Qd6 17. Re1 Bd7 18. Qe2 Rae8 19. Rad1 a6 20. Bb1 Re7 21. h4 Rfe8 22. Ne5 Qc7 23. Qc2 Qb6 24. f3 Nb4 25. Qd2 Nc6 26. g4 Rf8 27. g5 Ne8 28. Nxd7 Rxd7 29. Nxe6 Rff7 30. g6 hxg6 31. Bxg6 Rfe7 32. Nc5 Rd8 33. Re6 Nf6 34. Rde1 Rxe6 35. Nxe6 Rc8 36. Qg5 Ne8 37. Bxe8 Qxb2+ 38. Kh3 Rc7 39. Nxc7 1-0